000 00571nam a2200193Ia 4500
005 20250508164912.0
008 008 250505s9999 xx 000 0 eng d
037 _aDissertations
040 _aFEDL
_beng
_cFEDL
041 _aeng
_2eng
084 _a370.15, RAN/DI
_qFEDL
100 _aRange Mona
_9779480
245 0 _aStudy of attitude of teachers toward academically low achieving students
260 _c2000
300 _a101p.
546 _aM.Ed. Dissertation (Delhi University)
942 _cDIS
_h370.15, RAN/DI
999 _c1391905
_d1391905